Statistics for Victoria Pedretti Filmography

Click here to take the quiz!

General Stats

  • This quiz has been taken 5 times
  • The average score is 5 of 12

Answer Stats

TypeYearName% Correct
Web Series2019-PresentYou
100%
Web Series2020Amazing Stories
75%
Web Mini-Series2020The Haunting of Bly Manor
75%
Web Mini-Series2018The Haunting of Hill House
75%
Film2019Once Upon a Time in Hollywood
50%
FilmTBAPonyboi
25%
Film2020Shirley
25%
Music Video2021Simple Times
25%
Short Film2014Sole
0%
Film2021Star-Crossed: The Film
0%
Short Film2020This Is Not a Love Letter
0%
Short Film2014Uncovering Eden
0%

Score Distribution

Percentile by Number Answered

Percent of People with Each Score

Your Score History

You have not taken this quiz